Arquitectura y humanismo / (Record no. 17947)

000 -CABECERA
fixed length control field 00928nam a22002177a 4500
003 - IDENTIFICADOR DEL NÚMERO DE CONTROL
control field AR-CdUCM
008 - DATOS DE LONGITUD FIJA--INFORMACIÓN GENERAL
fixed length control field 190510b ||||| |||| 00| 0 spa d
040 ## - FUENTE DE LA CATALOGACIÓN
Agencia/entidad que catalogó originalmente la obra MUNICIPALIDAD PROVINCIAL DEL CUSCO
Entidad que transcribió la catalogación BIBLIOTECA MUNICIPAL DEL CUSCO
082 ## - NÚMERO DE LA CLASIFICACIÓN DECIMAL DEWEY
No. de Clasificación 720 /
Notacion interna D99
100 ## - ENTRADA PRINCIPAL--NOMBRE DE PERSONA
Nombre Personal D´ors, Victor
245 ## - MENCIÓN DE TÍTULO
Título Arquitectura y humanismo /
260 ## - PUBLICACIÓN, DISTRIBUCIÓN, ETC.
Lugar de publicación, distribución, etc. Barcelona :
Nombre de la editorial, distribuidor, etc. Labor,
Fecha de publicación, distribución, etc. 1967.
300 ## - DESCRIPCIÓN FÍSICA
Nº de Páginas Extensión 154 paginas ;
Otros detalles físicos Ilustraciones,
Dimensiones 20 cm.
440 ## - MENCIÓN DE SERIE/PUNTO DE ACCESO ADICIONAL--TÍTULO
Título Nueva colección Labor
9 (RLIN) 38221
505 ## - NOTA DE CONTENIDO CON FORMATO
Nota de contenido formateada Contenido : Situación de este escrito y recuerdo del matemático -- La arquitectura, resultado del orden ideal del espacio -- La moral, la ciencia, según su grado de racional determinación -- La creación de un edificio, tarea sobre determinada de entidad superreal...
650 ## - PUNTO DE ACCESO ADICIONAL DE MATERIA--TÉRMINO DE MATERIA
Descriptor Arquitectura
9 (RLIN) 3356
650 ## - PUNTO DE ACCESO ADICIONAL DE MATERIA--TÉRMINO DE MATERIA
Descriptor Diseño
9 (RLIN) 14302
650 ## - PUNTO DE ACCESO ADICIONAL DE MATERIA--TÉRMINO DE MATERIA
Descriptor Creaciones arquitectonicas
9 (RLIN) 38222
942 ## - ELEMENTOS DE PUNTO DE ACCESO ADICIONAL (KOHA)
Fuente de clasificación
Tipo de item Libros-BMC
945 ## - PROCESAMIENTO DE INFORMACIÓN LOCAL (OCLC)
Catalogador wnts
AAAA-MM-DD - Fecha de ingreso o modificacion 2019-05-11
Holdings
Estado de retiro (separado) Fuente de clasificación o esquema de estanterías Estado dañado Ubicación Sala donde se ubica Nombre de la colección Fecha de adquisición o compra Costo, precio normal en soles Signatura topográfica Código de Barras Última vez visto (Koha) Tipo de ítem (Koha)
No     Sala Artes Sala Artes Book Cart 2019-05-10 35.00 720 / D99 SA0000000533 2019-05-10 Libros-BMC

Powered by Koha